000 00532nam a2200181Ia 4500
001 9344
005 20260306161711.0
008 260306t2013||||xx |||||||||||||| ||spa||
041 _aESP
082 _a378.11
_bI59M
100 _aInstituto Peruano de Evaluación, Acreditación y Certificación de la Calidad de la Educación Básica
_eAUT
245 0 _aManual para evaluadores de competencias profesionales
260 _c2013
300 _a89 páginas :
_c24 cm.
650 _aGEN
654 _aCED
942 _cLIB
_dJUS
_fJUS
_2ddc
_n
999 _c9344
_d9344